Loading...
Fine Arts - Painting and Sculpture | 0 | 3 | 0 | 1 | 30 | 123 | 132.00 | 0 | 1 |
Religion | 0 | 2 | 0 | 1 | 20 | 157 | 157.50 | 0 | 0 |
Modern World | 1 | 0 | 0 | 0 | 15 | 82 | 82.00 | 0 | 0 |
Mythology | 0 | 1 | 0 | 0 | 10 | 130 | 130.00 | 0 | 0 |
History - American History | 0 | 1 | 0 | 0 | 10 | 127 | 127.00 | 0 | 0 |
Literature - American Literature | 0 | 1 | 1 | 0 | 5 | 158 | 158.00 | 0 | 0 |
Literature - World Literature | 1 | 0 | 3 | 0 | 0 | 57 | 57.00 | 0 | 0 |
Philosophy | 0 | 1 | 2 | 0 | 0 | 144 | 144.00 | 0 | 0 |
Social Science | 0 | 0 | 1 | 0 | -5 | 0.00 | 0 | 0 | |
Literature - British Literature | 0 | 0 | 1 | 0 | -5 | 0.00 | 0 | 0 | |
Fine Arts - Other Arts | 0 | 0 | 1 | 0 | -5 | 0.00 | 0 | 0 |